Computer architecture and organization /
| Yazar: | |
|---|---|
| Materyal Türü: | Kitap |
| Dil: | English |
| Baskı/Yayın Bilgisi: |
Boston :
WCB/McGraw-Hill,
c1998.
|
| Edisyon: | 3rd ed. |
| Seri Bilgileri: | McGraw-Hill series in computer organization and architecture
McGraw-Hill computer science series . Computer engineering series. |
| Konular: | |
| Classic Catalogue: | View this record in Classic Catalogue |
| LEADER | 01507nam a2200325 a 4500 | ||
|---|---|---|---|
| 001 | 711059 | ||
| 008 | 100922s1998 maua b 001 0 eng d | ||
| 999 | |c 9539 |d 9539 | ||
| 010 | |a 97045598 | ||
| 020 | |a 0070273553 | ||
| 040 | |a DLC |c DLC |d DLC |d DB-DhAAL | ||
| 082 | 0 | 0 | |a 621.392 |2 21 |
| 100 | 1 | |a Hayes, John P. |q (John Patrick), |d 1944- |9 32855 | |
| 245 | 1 | 0 | |a Computer architecture and organization / |c John P. Hayes. |
| 250 | |a 3rd ed. | ||
| 260 | |a Boston : |b WCB/McGraw-Hill, |c c1998. | ||
| 300 | |a xiv, 604 p. : |b ill. ; |c 25 cm. | ||
| 440 | 0 | |a McGraw-Hill series in computer organization and architecture |9 32856 | |
| 490 | 1 | |a McGraw-Hill series in computer science | |
| 490 | 1 | |a McGraw-Hill series in computer engineering | |
| 504 | |a Includes bibliographical references and index. | ||
| 541 | 1 | |e 00012374 | |
| 650 | 0 | |a Computer architecture. |9 32857 | |
| 650 | 0 | |a Electronic digital computers |x Design and construction. |9 32858 | |
| 830 | 0 | |a McGraw-Hill computer science series . |9 32859 | |
| 830 | 0 | |a Computer engineering series. |9 32860 | |
| 852 | 4 | |a Ayesha Abed Library |j General Shelf. | |
| 942 | 0 | 0 | |0 1 |2 ddc |c BK |
| 952 | |0 0 |1 0 |2 ddc |4 0 |6 621_392000000000000_HAY |7 0 |9 12036 |a BRACUL |b BRACUL |c GEN |d 2010-09-23 |l 7 |m 89 |o 621.392 HAY |p 3010012374 |q 2026-05-20 |r 2026-04-05 |s 2026-04-05 |t 1 |w 2010-09-23 |y BK |x Price not available in Register | ||
| 952 | |0 0 |1 0 |2 ddc |4 0 |6 621_392000000000000_HAY |7 0 |9 12299 |a BRACUL |b BRACUL |c GEN |d 2010-10-06 |g 471.00 |l 8 |m 63 |o 621.392 HAY |p 3010013396 |r 2025-11-08 |s 2025-02-17 |t 2 |w 2010-10-06 |y BK | ||